000 00849nam a2200241 a 4500
001 59988
003 BD-RjUL
005 20211209080807.0
008 161228s1965 nyuab b 001 0 eng
035 _a(BD-RjUL) 60112
040 _aDLC
_cDLC
_dICU
_dBD-RjUL
_beng
041 _aeng
082 0 0 _223
_bKAS 1965
_a557
100 1 _aKay, Marshall,
_d1904-1975.
_9178459
245 1 0 _aStratigraphy and life history /
_cMarshall Kay and Edwin H. Colbert. With a chapter on "The origin of the earth" by Dean B. McLaughlin.
260 _aNew York :
_bWiley,
_cc1965
300 _a736 p. :
_bill. ;
_c25 cm.
504 _aBibliographical references included in "Preface." and index.
650 0 _aEarth Sciences
_zNorth America.
_9178460
650 0 _aGeology, Stratigraphic.
_9178331
700 1 _aColbert, Edwin Harris,
_d1905-
_9227151
942 _2ddc
_cBK
999 _c59988
_d59988